000
00337nam a2200145Ia 4500
005
20251222144847.0
008
251222s9999||||xx |||||||||||||| ||spa||
020
_a
84-607-7475-9
082
_a
207/R48
100
_a
Ribas, Ramiro MartÃn
245
0
_a
Sublime Itinerario:
250
_a
4a.ed.
264
_b
Varoprinter
942
_c
LIB
999
_c
21462
_d
21462